00328 a2200145 450000100060000002000150000604000240002110000260004524000290007124500240010030000070012436200090013144000110014065000310015170471 a8534919585 cAnchieta - Itaigara aAmaral, Maria Lúcia10aAlfredo e os peixeslpor10aAlfredo e os peixes a150 a2002 1aPaulus 4aLiteratura infanto-juvenil